| 000 | 00721nam a22002297a 4500 | ||
|---|---|---|---|
| 005 | 20170124105932.0 | ||
| 010 | _aA-382091 | ||
| 020 |
_c200.00 _a8121700582 |
||
| 035 | _aA-382091 | ||
| 037 | _bCen Lib/Ret | ||
| 040 |
_aDPL _bEN |
||
| 082 |
_a230.6 _bRAM |
||
| 100 |
_aRamanaiah, J. _98593 |
||
| 245 |
_aThe chalukya and the kakatiya temples : _cby J. Ramanaiah _ba study / |
||
| 260 |
_aNew Delhi _bBhartiya Vidya Prakashan _c1989 |
||
| 270 |
_a1 UB Jaweharnagar. Bungalow Road _bDelhi _e110007 |
||
| 300 |
_axii;80p. : _c24cm (Hb) _bill. |
||
| 500 | _aIncludes bibliographical references. | ||
| 650 |
_aHinduism _937434 |
||
| 650 |
_aHinduism - Temples _98595 |
||
| 942 |
_2ddc _cEN _h230.6 _mRAM |
||
| 999 |
_c123932 _d123932 |
||